A smelly story / (Record no. 3907)

MARC details
000 -LEADER
fixed length control field 01041cam a2200289 a 4500
005 - DATE AND TIME OF LATEST TRANSACTION
control field 20240523091252.0
020 ## - INTERNATIONAL STANDARD BOOK NUMBER
International Standard Book Number 9781402773198 (pbtrade pbk.)
040 ## - CATALOGING SOURCE
Original cataloging agency DLC
Transcribing agency DLC
Modifying agency DLC
Language of cataloging eng
050 00 - LIBRARY OF CONGRESS CALL NUMBER
Classification number PZ7.F22275
082 00 - DEWEY DECIMAL CLASSIFICATION NUMBER
Classification number 443
100 1# - MAIN ENTRY--PERSONAL NAME
Personal name Farber, Erica.
245 12 - TITLE STATEMENT
Title A smelly story /
Statement of responsibility, etc. illustrated by Huck Scarry ; written by Erica Farber
260 ## - PUBLICATION, DISTRIBUTION, ETC.
Place of publication, distribution, etc. New York :
Name of publisher, distributor, etc. Sterling ;
Date of publication, distribution, etc. 2011
300 ## - PHYSICAL DESCRIPTION
Extent 24 pages :
Other physical details color illustrations ;
Dimensions 24 cm.
490 0# - SERIES STATEMENT
Series statement Richard Scarry's great big schoolhouse
Volume/sequential designation Level 2
505 ## - FORMATTED CONTENTS NOTE
Formatted contents note J <br/>
520 ## - SUMMARY, ETC.
Summary, etc. When Huckle loses his watch in the garbage, he and his friends follow along as a truck puts the garbage on a boat, which then carries it to a dump.
521 ## - TARGET AUDIENCE NOTE
Target audience note 480 <br/>
Source Lexile estimate <br/>
521 ## - TARGET AUDIENCE NOTE
Target audience note J <br/>
Source Raz-Plus <br/>
650 #1 - SUBJECT ADDED ENTRY--TOPICAL TERM
Topical term or geographic name entry element Lost and found possessions
Form subdivision Fiction.
650 #1 - SUBJECT ADDED ENTRY--TOPICAL TERM
Topical term or geographic name entry element Refuse and refuse disposal
Form subdivision Fiction.
650 #1 - SUBJECT ADDED ENTRY--TOPICAL TERM
Topical term or geographic name entry element Animals
Form subdivision Fiction.
700 1# - ADDED ENTRY--PERSONAL NAME
Personal name Scarry, Huck
Relator term illustrator
906 ## - LOCAL DATA ELEMENT F, LDF (RLIN)
a 7
b cbc
c orignew
d 1
e ecip
f 20
g y-gencatlg
942 ## - ADDED ENTRY ELEMENTS (KOHA)
Source of classification or shelving scheme Dewey Decimal Classification
Koha item type Books
Suppress in OPAC No
999 ## -
-- 3907
-- 3907
Holdings
Withdrawn status Lost status Source of classification or shelving scheme Damaged status Not for loan Collection Home library Current library Shelving location Date acquired Total Checkouts Full call number Barcode Date last seen Date last checked out Price effective from Koha item type
    Dewey Decimal Classification     Juvenile Fiction Footprints International School Library Network Toul Kork Campus Footprints International School Library Network Toul Tom Poung Campus   05/23/2024 2 FAR 443 PZ7.F22275 FIS02863 09/16/2025 09/16/2025 05/23/2024 Books